Statystyki dla Państwa z najwiekszą emisją CO2 na jednego mieszkańca

Kliknij tutaj aby rozwiązać quiz!

Ogólne statystyki

  • Ten quiz został rozwiązany 76 razy
  • Średni wynik to 17 z 25

Statystyki odpowiedzi

Co2 w t/os.Państwo% Poprawnych
208,2Polska
100%
1212,0Rosja
100%
169,8Niemcy
97%
227,3Chiny
95%
619,1Stany Zjednoczone
95%
217,5Wielka Brytania
95%
718,1Kanada
89%
1510,5Japonia
83%
256,1Hiszpania
75%
817,0Australia
72%
915,7Korea Poludniowa
72%
1410,6Czechy
70%
198,2Iran
67%
525,1Arabia Saudyjska
66%
1013,5Holandia
64%
251,4Zjednoczone Emiraty Arabskie
64%
1113,2Belgia
63%
1310,8Kazachstan
55%
164,5Katar
53%
179,3Republika Południowej Afryki
53%
236,9Grecja
52%
441,8Kuwejt
45%
342,2Singapur
39%
188,8Malezja
38%
246,5Wenezuela
20%

Rozkład punktacji

Percentyl według liczby udzielonych odpowiedzi

Procent ludzi z każdym wynikiem

Twoja historia wyników

Nie rozwiązałeś tego quizu